| 000 | 00910cam a22002891i 4500 | ||
|---|---|---|---|
| 001 | sa 66006831 | ||
| 003 | DLC | ||
| 005 | 20260227112259.0 | ||
| 008 | 930202r19661890xx 000 0 sanr | ||
| 010 | _asa 66006831 | ||
| 035 | _a(OCoLC)32446491 | ||
| 040 |
_aDLC _cMnU _dDLC |
||
| 042 | _apremarc | ||
| 050 | 0 | 0 | _aPK3011 1966 |
| 130 | 0 |
_aVedas. _pR̥gveda. |
|
| 245 | 1 | 0 | _aR̥gveda-saṃhitā. |
| 250 | _a[1st Indian ed.]. | ||
| 260 | _c1966. | ||
| 300 |
_a4 v. ; _c29 cm. |
||
| 500 | _aAdded t.p.: Rig-Veda-samhitā. | ||
| 500 | _aA reprint of the 2d ed. of the Rig-Veda-samhita, including original title pages, 1890-92. | ||
| 500 | _aIn Sanskrit; prefaces in English. | ||
| 700 | 1 |
_aMüller, F. Max _q(Friedrich Max), _d1823-1900 |
|
| 700 | 0 |
_aSāyaṇa, _d-1387. _tMādhavīyavedārthaprakāśa. |
|
| 740 | 0 | _aRig-Veda-samhitā. | |
| 830 | 0 |
_aCaukhambā-Saṃskr̥ta-granthamālā ; _vno. 99. |
|
| 999 |
_c70762 _d70762 |
||